| 000 | 00704nam a2200229 a 4500 | ||
|---|---|---|---|
| 005 | 20250222063749.0 | ||
| 008 | 081108s19941999mx r 000 0 spa d | ||
| 020 | _a9682977991 | ||
| 035 | _aUPN01000185816 | ||
| 049 | _aF | ||
| 050 | 4 |
_aLB1139.23 _bS4.7 |
|
| 100 | 1 |
_aSerrano Fernández, Ana María _937148 |
|
| 245 | 1 | 0 |
_aLactancia y destete / _cAna Serrano. |
| 260 |
_aMéxico : _bSEP : _bCONAFE, _cc1994 (1999 impr.). |
||
| 300 |
_a24 p. : _bil. |
||
| 440 | 3 |
_aUn abrazo completo. _pEducación inicial |
|
| 500 | _a"Programa de Educación Inicial" | ||
| 650 | 4 |
_aEducación de la primera infancia _96933 |
|
| 650 | 4 |
_aLACTANCIA _923888 |
|
| 650 | 4 |
_aINFANTES - _xDESTETE _923887 |
|
| 905 | _aLibro | ||
| 999 |
_c157919 _d157919 |
||